00881nam a2200277 uc450000100070000000500170000700800410002403500110006504000130007604100080008908200080009710000450010524500710015026000550022130000180027661000480029465000240034265000380036665000310040465000260043565000320046165000200049365000440051365000090055765000370056666874220260506090509.0010602s1998 spa  a668742 ccomduadb aspa 4a32010aVillarraga Sarmiento, Álvaro4comecom13aEl gobierno de Belisario Betancur : la propuesta de paz, 1982-1984 aSantafé de Bogotá :bImprenta Nacional,c1998. a717 páginas24aFuerzas Armadas Revolucionarias de Colombia 7aPazzColombia2lemb aBetancur Cuartas, Belisario 1923- aComision de Paz - Colombia aAmnistía - Colombia aPropuesta de paz - Colombia aLey de Amnistia aConsejo Nacional para la Paz - Colombia aM-19 7aDerechos humanoszColombia2lemb